Skúmanie úspešnosti podnikov v slovensko-maďarskom pohraničí
Prieskum úspešnosti podnikania v slovensko-maďarskom pohraničí. Úlohy manažmentu, ktoré podporujú efektivitu podnikania. Spojitosti, ktoré pozitívne vplývajú na efektívne hospodárenie podnikov. Podobnosti a rozdielnosti výskumov v tejto oblasti.
Salvato in:
| Autore principale: | |
|---|---|
| Natura: | Capitolo di libro |
| Lingua: | slovacco |
| Soggetti: | |
| Tags: |
Nessun Tag, puoi essere il primo ad aggiungerne!!
|
MARC
| LEADER | 00000nla$a2200000$$$4500 | ||
|---|---|---|---|
| 001 | 0126678 | ||
| 005 | 20221107084437.1 | ||
| 041 | 0 | |a slo | |
| 044 | |a CZ | ||
| 245 | 1 | 0 | |a Skúmanie úspešnosti podnikov v slovensko-maďarskom pohraničí |c Silvia Kosár |
| 520 | |a Prieskum úspešnosti podnikania v slovensko-maďarskom pohraničí. Úlohy manažmentu, ktoré podporujú efektivitu podnikania. Spojitosti, ktoré pozitívne vplývajú na efektívne hospodárenie podnikov. Podobnosti a rozdielnosti výskumov v tejto oblasti. | ||
| 610 | 2 | 0 | |a marketing manažment |
| 610 | 2 | 0 | |a stratégia podnikateľská |
| 610 | 2 | 0 | |a podnikanie obchodné |
| 610 | 2 | 0 | |a podnik malý |
| 610 | 2 | 0 | |a podnik stredný |
| 610 | 2 | 0 | |a procesy podnikové |
| 610 | 2 | 0 | |a efektívnosť podnikania |
| 610 | 2 | 0 | |a Slovensko |
| 610 | 2 | 0 | |a Maďarsko |
| 610 | 2 | 0 | |a pohraničie |
| 100 | 1 | |a Kosár, Silvia | |